000 00770nam a2200205Ia 4500
005 20260121110326.0
008 008 260114s9999 xx 000 0 hin d
020 _a9788132358374
037 _aEBOOK
040 _aCRL
_bhin
_cCRL
041 _ahin
_2hin
084 _qCRL
100 _aप्रखर मौर्य / Prakhar Maurya
_9944802
245 0 _aभारत में जैन एवं बौद्ध धर्म के उन्नायक एवं संरक्षक / Bharat mein Jain aur Bauddh Dharm ke Unnayak aur Sanrakshak
260 _bभाषा प्रकाशन / Bhasha Prakashan
_c2021
856 _uhttps://bhashaprakashan.com/product-details/378978
942 _cEBOOK
999 _c1536466
_d1536466